Library Banner

The Wiley-Blackwell handbook of family psychology (Record no. 63659)

MARC details
000 -LEADER
fixed length control field 00532nam a2200193Ia 4500
001 - CONTROL NUMBER
control field 63055
008 - FIXED-LENGTH DATA ELEMENTS--GENERAL INFORMATION
fixed length control field 150108s9999 xx 000 0 und d
020 ## - INTERNATIONAL STANDARD BOOK NUMBER
International Standard Book Number 9781118344644
040 ## - CATALOGING SOURCE
Transcribing agency PK-LaUMT
082 ## - DEWEY DECIMAL CLASSIFICATION NUMBER
Classification number 616.89156
Item number WIL-
100 ## - MAIN ENTRY--PERSONAL NAME
Personal name Bray, James H.
245 #4 - TITLE STATEMENT
Title The Wiley-Blackwell handbook of family psychology
Statement of responsibility, etc Bray, James H.|Stanton, Mark
260 ## - PUBLICATION, DISTRIBUTION, ETC. (IMPRINT)
Place of publication, distribution, etc Chichester,UK:
Name of publisher, distributor, etc Wiley-Blackwell,
Date of publication, distribution, etc 2013
300 ## - PHYSICAL DESCRIPTION
Extent 768 p.
546 ## - LANGUAGE NOTE
Language note EN
650 ## - SUBJECT ADDED ENTRY--TOPICAL TERM
Topical term or geographic name as entry element Family-psychological aspects
700 ## - ADDED ENTRY--PERSONAL NAME
Personal name Stanton, Mark
942 ## - ADDED ENTRY ELEMENTS (KOHA)
Koha item type Books
Holdings
Withdrawn status Lost status Damaged status Not for loan Home library Current library Date acquired Total Checkouts Full call number Barcode Date last seen Date checked out Price effective from Koha item type
        UMT Main Campus UMT Main Campus 2015-01-08 2 616.89156 WIL- 86445 2021-02-19 2021-02-08 2015-01-08 Books